header

Transnational connections (Record no. 1236)

MARC details
000 -LEADER
fixed length control field 01336nam a2200361 a 4500
082 04 - DEWEY DECIMAL CLASSIFICATION NUMBER
Classification number 306.4/0904
100 1# - MAIN ENTRY--AUTHOR NAME
Personal name Hannerz, Ulf.
245 10 - TITLE STATEMENT
Title Transnational connections
260 ## - PUBLICATION, DISTRIBUTION, ETC. (IMPRINT)
Place of publication London and New York :
Name of publisher Routledge,
Year of publication 1996.
300 ## - PHYSICAL DESCRIPTION
Number of Pages ix, 201 p.
490 1# - SERIES STATEMENT
Series statement Comedia
650 #0 - SUBJECT ADDED ENTRY--TOPICAL TERM
Topical Term Civilization, Modern
Topical Term Culture.
Topical Term Intercultural communication.
Topical Term Cultural relations.
856 40 - ELECTRONIC LOCATION AND ACCESS
Uniform Resource Identifier http://site.ebrary.com/lib/rucke/Doc?id=5001582

No items available.

© 2026 Rongo University
Contact us: librarian | system librarian | Rongo university